|
|
|
|
| LEADER |
01029nam a22002537a 4500 |
| 001 |
35165 |
| 003 |
BD-DhAAL |
| 005 |
20190827094709.0 |
| 008 |
190827t2013 ii a|||| b||| 00| 0 eng d |
| 999 |
|
|
|c 41063
|d 41063
|
| 040 |
|
|
|a BD-DhAAL
|
| 082 |
|
|
|a 745.51
|
| 245 |
|
|
|a Bamboo Construction Source Book /
|c Hunnarshala foundation for building technology and innovations
|
| 260 |
|
|
|a India :
|b Hunnarshala Foundation,
|c 2013
|
| 300 |
|
|
|a 96 pages :
|b illustrations ;
|c 29 cm.
|
| 504 |
|
|
|a Includes bibliographical references
|
| 526 |
|
|
|a ARC
|
| 541 |
|
|
|a Complimentary copy
|e 35165
|
| 650 |
|
|
|a Bamboo work.
|9 33617
|
| 650 |
|
|
|a Architectural design
|9 33618
|
| 710 |
|
|
|a Hunnarshala foundation for building technology and innovations
|9 33619
|
| 852 |
|
|
|a Department of Architecture
|c General Stacks
|
| 942 |
|
|
|2 ddc
|c BK
|
| 952 |
|
|
|0 0
|1 0
|2 ddc
|4 0
|6 745_510000000000000_BAM
|7 0
|9 66064
|a BRACUL
|b BRACUL
|c GEN
|d 2019-08-27
|e Complimentary Copy
|l 0
|o 745.51 BAM
|p 3010035165
|r 2019-08-27
|t 1
|w 2019-08-27
|y BK
|x Transferred from ARC to BRACUL on 28/12/2023
|